I for imagine / (Record no. 84073)

MARC details
000 -LEADER
fixed length control field 00760nam a22002417a 4500
005 - DATE AND TIME OF LATEST TRANSACTION
control field 20140612110644.0
010 ## - LCCN (DPL NO)
LC control number ENG-109942
020 ## - INTERNATIONAL STANDARD BOOK NUMBER
International Standard Book Number 9789380340104
Terms of availability 750.00
035 ## - SYSTEM CONTROL NUMBER
System control number EN-93475
037 ## - SOURCE OF ACQUISITION
Source of stock number/acquisition DBAD/PUB
082 ## - DEWEY DECIMAL CLASSIFICATION NUMBER
Classification number 779.2092
100 ## - MAIN ENTRY--PERSONAL NAME
Personal name Riboud, Marc
245 ## - TITLE STATEMENT
Title I for imagine /
Statement of responsibility, etc by Marc Riboud [and] Catherine Chaine; translated by Linda Asher
260 ## - PUBLICATION, DISTRIBUTION, ETC. (IMPRINT)
Place of publication, distribution, etc Chennai
Name of publisher, distributor, etc Tara Books
Date of publication, distribution, etc (201?)
270 ## - ADDRESS
Address Plot No. 9 CGE Colony Off Kuppam Beach Road Thiruvanmiyur
City Chennai
Postal code 600041
300 ## - PHYSICAL DESCRIPTION
Extent unpaged :
Dimensions 31cm(Hb)
Other physical details chiefly ill
490 ## - SERIES STATEMENT
Series statement French focus
600 ## - SUBJECT ADDED ENTRY--PERSONAL NAME
Personal name Riboud, Marc.
650 ## - SUBJECT ADDED ENTRY--TOPICAL TERM
Topical term or geographic name as entry element Photography, Artistic.
700 ## - ADDED ENTRY--PERSONAL NAME
Personal name Chaine, Catherine
700 ## - ADDED ENTRY--PERSONAL NAME
Personal name Asher, Linda
942 ## - ADDED ENTRY ELEMENTS (KOHA)
Source of classification or shelving scheme Dewey Decimal Classification
Item type English Books
Call number suffix RIB
Classification part 779.2092
Holdings
Withdrawn status Lost status Not for loan Collection code Home library Current library Date acquired Source of acquisition Cost, normal purchase price Full call number Barcode Copy number Cost, replacement price Koha item type
    Not For Loan Non-fiction D.B.Act.Division D.B.Act.Division 08/05/2014 DBAD / PUB 750.00 779.2092 RIB EN-93475 1 750.00 English Books

© Delhi Public Library
Hit Counter
free hit counter